000
00289nam a22001337a 4500
008
210521b ||||| |||| 00| 0 eng d
041
_a
eng
080
_a
101
082
_a
101
100
_a
24
101
_a
FIL
245
_a
The power of Positive Action
_c
Appley,L.A
942
_2
udc
_c
BK
999
_c
57566
_d
57566